000 00450nam a2200181Ia 4500
001 11449
005 20260306162829.0
008 260306t2015||||xx |||||||||||||| ||spa||
041 _aESP
082 _a985.052
_bS63
100 _aSobrevilla Perea, Natalia
_eAUT
245 0 _aAndrés de Santa Cruz:
_bcaudillo de los Andes
260 _c2015
300 _a287 páginas :
_c20 cm.
650 _aGEN
654 _aCHU
942 _cLIB
_dJUS
_fJUS
_2ddc
_n
999 _c11449
_d11449